[Event "Dortmund Sparkassen op-B"]
[Site "Dortmund"]
[Date "2006.07.28"]
[Round "2"]
[White "Czygan, Sirin"]
[Black "Matthias, Kurt"]
[Result "0-1"]
[WhiteElo "1391"]
[BlackElo "1642"]
[PlyCount "74"]
[EventDate "2006.07.28"]
[EventType "swiss"]
[EventRounds "9"]
[EventCountry "GER"]
[SourceTitle "CBM 113 Extra"]
[Source "ChessBase"]
[SourceDate "2006.09.14"]
[SourceVersion "1"]
[SourceVersionDate "2006.09.14"]
[SourceQuality "1"]

1. d4 Nf6 2. c4 g6 3. Nc3 Bg7 4. f3 d5 5. e4 dxe4 6. fxe4 e5 7. d5 0-0 8. Nf3 Nbd7 9. Bg5 h6 10. Bh4 a6 11. a4 Re8 12. Be2 Qe7 13. 0-0 Qb4 14. Qc2 Ng4 15. Qd2 Nc5 16. Nd1 Qb6 17. Bf2 Nxf2 18. Nxf2 Nxe4 19. Qc2 Nxf2 20. Rxf2 e4 21. c5 Qxb2 22. Qxb2 Bxb2 23. Rd1 exf3 24. Bxf3 Ba3 25. Rc2 Bf5 26. Rc3 Bb4 27. Rc4 a5 28. d6 cxd6 29. cxd6 Red8 30. Bxb7 Rab8 31. Bd5 Rxd6 32. Rxb4 axb4 33. Bxf7+ Kxf7 34. Rxd6 b3 35. Rd2 b2 36. Rxb2 Rxb2 37. a5 Ra2 0-1

[Event "Dortmund op-B"]
[Site "Dortmund"]
[Date "2005.07.15"]
[Round "7"]
[White "Matthias, Kurt"]
[Black "Bashylin, Vsevolod"]
[Result "0-1"]
[WhiteElo "1677"]
[BlackElo "1362"]
[PlyCount "64"]
[EventDate "2005.07.08"]
[EventType "swiss"]
[EventRounds "9"]
[EventCountry "GER"]
[SourceTitle "CBM 107 Extra"]
[Source "ChessBase"]
[SourceDate "2005.09.01"]
[SourceVersion "1"]
[SourceVersionDate "2005.09.01"]
[SourceQuality "1"]

1. e4 e6 2. d4 d5 3. Nc3 dxe4 4. Nxe4 Nd7 5. Nf3 Ngf6 6. Bg5 Be7 7. Bd3 0-0 8. 0-0 Nxe4 9. Bxe7 Nxf2 10. Bxd8 Nxd1 11. Bg5 Nxb2 12. Bb5 a6 13. Bc1 axb5 14. Bxb2 b6 15. a3 Bb7 16. Bc3 Ra7 17. Rfd1 Bxf3 18. gxf3 Nf6 19. Bb4 Rfa8 20. Rd3 Nd5 21. Rad1 Nxb4 22. axb4 Ra1 23. d5 Rxd1+ 24. Rxd1 Rd8 25. Ra1 exd5 26. Kf2 g6 27. Ra7 Rc8 28. Rb7 Kf8 29. Ke3 Ke7 30. c3 Kd6 31. Kd3 Ra8 32. h4 Kc6 0-1

[Event "Dortmund op-B"]
[Site "Dortmund"]
[Date "2005.07.11"]
[Round "4"]
[White "Haidar, Marcel"]
[Black "Matthias, Kurt"]
[Result "1-0"]
[WhiteElo "1283"]
[BlackElo "1677"]
[PlyCount "37"]
[EventDate "2005.07.08"]
[EventType "swiss"]
[EventRounds "9"]
[EventCountry "GER"]
[SourceTitle "CBM 107 Extra"]
[Source "ChessBase"]
[SourceDate "2005.09.01"]
[SourceVersion "1"]
[SourceVersionDate "2005.09.01"]
[SourceQuality "1"]

1. c4 Nf6 2. d4 e6 3. Nc3 d5 4. e3 b6 5. Nf3 dxc4 6. Bxc4 Bb7 7. 0-0 Be7 8. Bd3 0-0 9. Bc2 Nbd7 10. e4 Re8 11. e5 Nd5 12. Qd3 g6 13. Nxd5 Nxe5 14. Nxe7+ Rxe7 15. Nxe5 Qd5 16. Qf3 Rd8 17. Qxd5 Rxd5 18. Be3 f6 19. Ng4 1-0

[Event "Ruhrgebiet Seniors op 12th"]
[Site "Essen"]
[Date "2005.04.05"]
[Round "2"]
[White "Matthias, Kurt"]
[Black "Weddeling, Franz"]
[Result "1-0"]
[WhiteElo "1720"]
[BlackElo "1382"]
[PlyCount "112"]
[EventDate "2005.04.04"]
[EventType "swiss"]
[EventRounds "9"]
[EventCountry "GER"]
[SourceTitle "EXT 2007"]
[Source "ChessBase"]
[SourceDate "2006.11.23"]
[SourceVersion "1"]
[SourceVersionDate "2006.11.23"]
[SourceQuality "1"]

1. e4 e5 2. Nf3 Nc6 3. Bb5 a6 4. Ba4 Nf6 5. 0-0 b5 6. Bb3 Be7 7. Re1 d6 8. c3 Na5 9. Bc2 c5 10. a4 Bb7 11. d3 Qb6 12. axb5 axb5 13. Be3 0-0 14. b4 Nc6 15. Nbd2 Rxa1 16. Qxa1 Ra8 17. Qb2 Ng4 18. bxc5 dxc5 19. h3 Nxe3 20. fxe3 Ra6 21. d4 exd4 22. exd4 c4 23. Rb1 Qa7 24. Qxb5 Ra1 25. Kh2 Rxb1 26. Bxb1 Qb8+ 27. e5 Kf8 28. Be4 Qc7 29. Qxc4 Qd7 30. Nb3 f6 31. Nc5 Bxc5 32. Qxc5+ Qe7 33. Qxe7+ Kxe7 34. exf6+ gxf6 35. Bxh7 Nd8 36. Bd3 Kd6 37. Kg3 Ne6 38. h4 Bc6 39. h5 Nd8 40. Bg6 Ke6 41. h6 Nf7 42. Bxf7+ Kxf7 43. Nh4 Kg8 44. Kf4 Kh7 45. Kf5 Kxh6 46. Kxf6 Kh5 47. Nf3 Bd5 48. Ke5 Bc4 49. Nd2 Bd3 50. c4 Kg4 51. d5 Kg3 52. Ne4+ Kxg2 53. c5 Kf3 54. Nc3 Kg4 55. c6 Kg5 56. d6 Kg6 1-0

[Event "Dortmund op-B"]
[Site "Dortmund"]
[Date "2004.07.30"]
[Round "8"]
[White "Keuter, Sven"]
[Black "Matthias, Kurt"]
[Result "0-1"]
[WhiteElo "1538"]
[BlackElo "1731"]
[PlyCount "68"]
[EventDate "2004.07.??"]
[EventType "swiss"]
[EventRounds "9"]
[EventCountry "GER"]
[SourceTitle "EXT 2006"]
[Source "ChessBase"]
[SourceDate "2005.11.24"]
[SourceVersion "1"]
[SourceVersionDate "2005.11.24"]
[SourceQuality "1"]

1. d4 Nf6 2. c4 g6 3. Nc3 Bg7 4. e4 d6 5. f4 0-0 6. Nf3 Bg4 7. h3 Bxf3 8. Qxf3 Nc6 9. Be3 e5 10. fxe5 dxe5 11. d5 Nd4 12. Bxd4 exd4 13. Nb5 Nd7 14. 0-0-0 Ne5 15. Qg3 c5 16. dxc6 Nxc6 17. Nc7 Be5 18. Qg4 Qxc7 19. h4 h5 20. Qf3 Qb6 21. Rd2 Bg7 22. g4 Ne5 23. Qg3 Nxg4 24. Be2 Be5 25. Qg1 Bf4 26. Bxg4 Bxd2+ 27. Kc2 Be3 28. Qg2 Qc5 29. Be2 b5 30. b3 bxc4 31. Bxc4 Kg7 32. Rf1 Rad8 33. Rf5 d3+ 34. Kd1 Qd4 0-1

[Event "Dortmund op-B"]
[Site "Dortmund"]
[Date "2004.07.25"]
[Round "3"]
[White "Matthias, Kurt"]
[Black "Zeldin, Vitali"]
[Result "0-1"]
[WhiteElo "1731"]
[BlackElo "1872"]
[PlyCount "107"]
[EventDate "2004.07.??"]
[EventType "swiss"]
[EventRounds "9"]
[EventCountry "GER"]
[SourceTitle "EXT 2006"]
[Source "ChessBase"]
[SourceDate "2005.11.24"]
[SourceVersion "1"]
[SourceVersionDate "2005.11.24"]
[SourceQuality "1"]

1. e4 e5 2. Nf3 Nc6 3. Bb5 Nf6 4. 0-0 Be7 5. Re1 d6 6. h3 0-0 7. c3 a6 8. Ba4 b5 9. Bc2 Re8 10. d3 Bf8 11. Nbd2 Ne7 12. Bb3 h6 13. Nf1 Ng6 14. Ng3 c5 15. Bc2 Qc7 16. Be3 Bb7 17. c4 Bc8 18. Qd2 Rb8 19. Reb1 Kh7 20. b4 cxb4 21. cxb5 axb5 22. Bb3 d5 23. exd5 Qb7 24. Ne4 Nxd5 25. Bxd5 Qxd5 26. Bxh6 Bf5 27. Be3 f6 28. Qe2 Kg8 29. Qc2 Red8 30. Ne1 Be6 31. Qe2 Ra8 32. Rc1 Rxa2 33. Rxa2 Qxa2 34. Rc2 Qd5 35. Rb2 Ra8 36. Qd1 b3 37. Nc3 Qc6 38. Rxb3 b4 39. Ne4 Bxb3 40. Qxb3+ Kh8 41. Nf3 Qc7 42. Qe6 Qc8 43. Qf7 Qe8 44. Qb3 Ra3 45. Qd1 Qa4 46. Qe2 Ra1+ 47. Kh2 Qd1 48. Qd2 b3 49. Qc3 Nf4 50. Ng3 Ra8 51. Nxe5 fxe5 52. Qxe5 Ng6 53. Qf5 b2 54. Qh5+ 0-1

[Event "Ruhrgebiet-ch Seniors 11th"]
[Site "Essen"]
[Date "2004.03.23"]
[Round "8"]
[White "Grabowski, Johann"]
[Black "Matthias, Kurt"]
[Result "1-0"]
[WhiteElo "1749"]
[BlackElo "1747"]
[PlyCount "91"]
[EventDate "2004.03.08"]
[EventType "swiss"]
[EventRounds "9"]
[EventCountry "GER"]
[SourceTitle "EXT 2006"]
[Source "ChessBase"]
[SourceDate "2005.11.24"]
[SourceVersion "1"]
[SourceVersionDate "2005.11.24"]
[SourceQuality "1"]

1. e4 e5 2. Nf3 Nc6 3. Bb5 a6 4. Ba4 Nf6 5. 0-0 b5 6. Bb3 Be7 7. Re1 d6 8. c3 Na5 9. Bc2 c5 10. h3 Nc6 11. d4 Qc7 12. d5 Nb8 13. Nbd2 Nbd7 14. Nf1 0-0 15. Be3 Re8 16. Qd2 c4 17. Rac1 Nf8 18. Red1 Ng6 19. Ng3 Bf8 20. Nh2 h6 21. f3 Nh4 22. Qf2 Ng6 23. Ng4 Nxg4 24. hxg4 Qe7 25. Nf5 Bxf5 26. exf5 Nf4 27. Qd2 g5 28. g3 Nd3 29. Bxd3 cxd3 30. Re1 e4 31. Bd4 Bg7 32. Bxg7 Kxg7 33. fxe4 Qa7+ 34. Kg2 f6 35. Qxd3 Re7 36. Re2 Rc8 37. b3 Qb6 38. Kf3 a5 39. Qe3 Qc7 40. c4 b4 41. c5 dxc5 42. Rec2 Qe5 43. Rc4 Rce8 44. Qxc5 Rd7 45. Qd4 Rxd5 46. Qxd5 1-0

[Event "Ruhrgebiet-ch Seniors 11th"]
[Site "Essen"]
[Date "2004.03.17"]
[Round "6"]
[White "Plasswich, Heribert"]
[Black "Matthias, Kurt"]
[Result "1-0"]
[WhiteElo "1809"]
[BlackElo "1747"]
[PlyCount "45"]
[EventDate "2004.03.08"]
[EventType "swiss"]
[EventRounds "9"]
[EventCountry "GER"]
[SourceTitle "EXT 2006"]
[Source "ChessBase"]
[SourceDate "2005.11.24"]
[SourceVersion "1"]
[SourceVersionDate "2005.11.24"]
[SourceQuality "1"]

1. e4 e5 2. Nc3 Nf6 3. d3 c6 4. Nf3 d6 5. Be2 h6 6. 0-0 Be6 7. h3 Nbd7 8. d4 exd4 9. Nxd4 Be7 10. Nxe6 fxe6 11. Bh5+ Nxh5 12. Qxh5+ Kf8 13. f4 Nf6 14. Qe2 e5 15. fxe5 dxe5 16. Rf5 Bc5+ 17. Kh1 Qd4 18. Bd2 Kf7 19. Raf1 Ke6 20. R1f3 Rad8 21. Be3 Qb4 22. a3 Qxb2 23. Bxc5 1-0

[Event "Ruhrgebiet-ch Seniors 11th"]
[Site "Essen"]
[Date "2004.03.10"]
[Round "3"]
[White "Mietner, Franz"]
[Black "Matthias, Kurt"]
[Result "0-1"]
[WhiteElo "1803"]
[BlackElo "1747"]
[PlyCount "112"]
[EventDate "2004.03.08"]
[EventType "swiss"]
[EventRounds "9"]
[EventCountry "GER"]
[SourceTitle "EXT 2006"]
[Source "ChessBase"]
[SourceDate "2005.11.24"]
[SourceVersion "1"]
[SourceVersionDate "2005.11.24"]
[SourceQuality "1"]

1. e4 e5 2. Nf3 Nc6 3. Bb5 a6 4. Ba4 Nf6 5. 0-0 b5 6. Bb3 Be7 7. Re1 0-0 8. c3 d6 9. h3 Na5 10. Bc2 c5 11. d4 Qc7 12. d5 c4 13. Nbd2 Nb7 14. Nf1 Nc5 15. Ng3 Re8 16. Bg5 h6 17. Bxf6 Bxf6 18. Nh5 Qe7 19. a4 Bd7 20. axb5 axb5 21. Qe2 g6 22. Nxf6+ Qxf6 23. Nh2 Kg7 24. Qe3 Qf4 25. Nf1 f5 26. Qxf4 exf4 27. f3 fxe4 28. Rxa8 Rxa8 29. fxe4 Kf6 30. Nd2 Ra2 31. Rb1 g5 32. Nf3 g4 33. hxg4 Bxg4 34. Nd4 Bd7 35. Nf3 Bg4 36. Nd4 Bd7 37. Nf3 Nb7 38. Nd4 Nd8 39. Bd1 Nf7 40. Nf3 Ng5 41. Be2 Nxf3+ 42. gxf3 Ke5 43. Bd1 h5 44. Be2 h4 45. Bf1 h3 46. Kh2 b4 47. Bxc4 Ra8 48. Bf1 bxc3 49. bxc3 Ra2+ 50. Kh1 Rf2 51. Ba6 Rxf3 52. c4 Re3 53. Rg1 Rg3 54. Re1 Bg4 55. c5 dxc5 56. Bf1 Rc3 0-1

[Event "Ruhrgebiet-ch Seniors 11th"]
[Site "Essen"]
[Date "2004.03.08"]
[Round "1"]
[White "Kuehler, Wolfgang"]
[Black "Matthias, Kurt"]
[Result "1-0"]
[WhiteElo "1993"]
[BlackElo "1747"]
[PlyCount "93"]
[EventDate "2004.03.08"]
[EventType "swiss"]
[EventRounds "9"]
[EventCountry "GER"]
[SourceTitle "EXT 2006"]
[Source "ChessBase"]
[SourceDate "2005.11.24"]
[SourceVersion "1"]
[SourceVersionDate "2005.11.24"]
[SourceQuality "1"]

1. d4 Nf6 2. c4 g6 3. Nc3 Bg7 4. e4 d6 5. Be2 0-0 6. Bg5 c5 7. d5 h6 8. Bf4 Qa5 9. Qd2 Kh7 10. Nf3 Nh5 11. Be3 Nd7 12. Rc1 f5 13. exf5 Rxf5 14. g4 Rxf3 15. Bxf3 Ne5 16. Be2 Bxg4 17. Bxg4 Nxg4 18. Qe2 Ngf6 19. 0-0 Rf8 20. Bd2 Qd8 21. Rce1 Ng8 22. f4 Rf5 23. Qe6 Qf8 24. Qe4 Nhf6 25. Qd3 Ng4 26. h3 Bd4+ 27. Kg2 N4f6 28. Ne2 b6 29. Nxd4 cxd4 30. Qxd4 Qg7 31. Qd3 Qf8 32. Re6 Qf7 33. b3 a5 34. Qd4 Nd7 35. Rfe1 Nc5 36. Bc3 Rf6 37. Rxe7 Nxe7 38. Qxf6 Qxf6 39. Bxf6 Nf5 40. Re8 g5 41. fxg5 hxg5 42. Bxg5 Kg6 43. Bd8 Nd7 44. Re6+ Kf7 45. Bc7 Nc5 46. Rxd6 Nxd6 47. Bxd6 1-0

[Event "Dortmund op-B"]
[Site "Dortmund"]
[Date "2003.08.08"]
[Round "7"]
[White "Matthias, Kurt"]
[Black "Tkachuk, Konstantyn"]
[Result "0-1"]
[WhiteElo "1635"]
[BlackElo "1762"]
[PlyCount "66"]
[EventDate "2003.08.01"]
[EventType "swiss"]
[EventRounds "9"]
[EventCountry "GER"]
[SourceTitle "CBM 095 Extra"]
[Source "ChessBase"]
[SourceDate "2003.09.04"]
[SourceVersion "1"]
[SourceVersionDate "2003.09.04"]
[SourceQuality "1"]

1. e4 e5 2. Nf3 Nc6 3. Bb5 a6 4. Ba4 Nf6 5. 0-0 Be7 6. Nc3 b5 7. Bb3 0-0 8. h3 b4 9. Nd5 Nxe4 10. Re1 Nc5 11. Nxe5 Nxe5 12. Nxe7+ Qxe7 13. d4 Nxb3 14. Rxe5 Qxe5 15. dxe5 Nxa1 16. Be3 Nxc2 17. Qxc2 Bb7 18. Qf5 Bc6 19. Bc5 Rfe8 20. Bxb4 Rab8 21. Bc3 Re6 22. f4 d6 23. Qd3 dxe5 24. Bxe5 h5 25. g3 Bb5 26. Qc3 Rc6 27. Qd2 Re8 28. Bc3 Rd6 29. Qc2 Re2 30. Qb3 Rd3 31. a4 Rxg3+ 32. Kh1 Bc6+ 33. Qd5 Bxd5# 0-1

[Event "Ruhr-ch Seniors 9th"]
[Site "Essen"]
[Date "2002.03.18"]
[Round "7"]
[White "Matthias, Kurt"]
[Black "Hellbing, Horst"]
[Result "0-1"]
[WhiteElo "1750"]
[BlackElo "1946"]
[PlyCount "146"]
[EventDate "2002.03.??"]
[EventType "swiss"]
[EventRounds "9"]
[EventCountry "GER"]
[SourceTitle "EXT 2006"]
[Source "ChessBase"]
[SourceDate "2005.11.24"]
[SourceVersion "1"]
[SourceVersionDate "2005.11.24"]
[SourceQuality "1"]

1. e4 e5 2. Nf3 Nc6 3. Nc3 Nf6 4. Bc4 Bc5 5. 0-0 d6 6. h3 Bb6 7. d3 h6 8. Be3 0-0 9. a3 Be6 10. Nd5 Bxd5 11. exd5 Ne7 12. Nh2 Nfxd5 13. Qf3 c6 14. Ng4 f5 15. Nxh6+ gxh6 16. Bxh6 Rf7 17. Qg3+ Kh7 18. Bg5 Rg7 19. Qh4+ Kg8 20. Bxd5+ cxd5 21. Bf6 Rh7 22. Qg5+ Kf7 23. Bxe7 Qxe7 24. Qxf5+ Kg8 25. Kh2 Rf8 26. Qg4+ Rg7 27. Qe2 Qg5 28. f4 Qg3+ 29. Kh1 Rxf4 30. Rxf4 Qxf4 31. Rf1 Qg3 32. Rf3 Qg5 33. Qf1 Kh7 34. g4 e4 35. Rf5 Qg6 36. dxe4 dxe4 37. Qc4 Qe8 38. Rh5+ Kg6 39. Qd5 Qd7 40. Qxe4+ Kf7 41. Qd5+ Ke7 42. Qe4+ Kd8 43. c4 Re7 44. Qd5 Kc7 45. b4 Re1+ 46. Kg2 Qe7 47. c5 dxc5 48. bxc5 Ba5 49. Rf5 Re2+ 50. Rf2 Be1 51. Qd6+ Kc8 52. Qxe7 Rxe7 53. Rf3 Kd7 54. Rf5 Ke6 55. Kf3 Rf7 56. Ke4 Rxf5 57. gxf5+ Kd7 58. Kd5 Bh4 59. a4 a5 60. Ke5 Kc6 61. f6 Kd7 62. Kf5 Bf2 63. Kg6 Bxc5 64. h4 Ke8 65. h5 Kf8 66. h6 Kg8 67. h7+ Kh8 68. Kh6 Bd6 69. Kg6 Bf8 70. Kf5 Kxh7 71. Kg5 Bb4 72. Kf5 Kg8 73. Ke6 b6 0-1